000 00790nam a2200253Ia 4500
003 OSt
005 20220923221620.0
006 a|||||r|||| 00| 0
007 ta
008 220922b |||||||| |||| 00| 0 hin d
024 _a198,641
037 _cTextual
040 _aARTS
_cARTS
_bhin
041 _2hin
_ahin
082 _aO152,6x, L9
100 _aव्यथित ह्दय
245 0 _aआधुनिक हिन्दी निबन्ध
246 _aĀdhunik hindī nibandha
260 _aदिल्ली
_b दिनमान प्रका0
_c1979
300 _a270पृ.
_ccm.
650 _aहिन्दी साहित्य
_9156264
942 _hO152,6x, L9
_cTEXL
_2CC
999 _c350450
_d350450